000 00548nam a2200205Ia 4500
005 20250508164558.0
008 008 250505s9999 xx 000 0 eng d
037 _aTextual
040 _aFEDL
_beng
_cFEDL
041 _aeng
_2eng
084 _a371.3078, WAT
_qFEDL
100 _aWatts Eleanor
_9778512
245 0 _aBlackboard book
260 _aHyderabad, India
_bSangam Books India Ltd.
_c1993
300 _a125p.
365 _aINR
_b125
546 _aMACESE
942 _cTEXL
_h371.3078, WAT
999 _c1389907
_d1389907